| 000 | 00366nam a2200157Ia 4500 | ||
|---|---|---|---|
| 003 | 0100 | ||
| 008 | 130303s9999 xx 000 0 und d | ||
| 040 | _cARRUPELIB | ||
| 050 | _aJC153.H66K73 1993 | ||
| 100 | _aKraus, Jody S | ||
| 245 | 4 | _aThe limits of Hobbesian contractarianism | |
| 260 | _aCambridge | ||
| 260 | _bCambridge UP | ||
| 260 | _C1993 | ||
| 942 | 0 | 0 | _01 |
| 999 |
_c19100 _d19100 |
||